La religión del mar dioses y ritos de navegación en el Mediterráneo antiguo

Zapisane w:
Opis bibliograficzny
Główni autorzy: Ferrer Albelda, Eduardo (Autor), Marín Ceballos, Maria Cruz (Autor), Pereira Delgado, Alvaro (Autor)
Format: Książka
Język:hiszpański
Wydane: Sevilla Universidad de Sevilla 2012
Wydanie:1a. ed
Seria:Spal Monografías, 16
Hasła przedmiotowe:
Etykiety: Dodaj etykietę
Nie ma etykietki, Dołącz pierwszą etykiete!

MARC

LEADER 00000cam a2200000 a 4500
001 UCC3811
003 CL-VaPUC
008 180615e20120000sp |||||||||||||||||spa|d
020 |a 9788447214587 
082 0 4 |a 292.08  |b FER  |2 21 
100 0 |a Ferrer Albelda, Eduardo  |e author  |9 597926 
700 0 |a Marín Ceballos, Maria Cruz  |e author  |9 597927 
700 0 |a Pereira Delgado, Alvaro  |e author  |9 597928 
245 1 3 |a La religión del mar dioses y ritos de navegación en el Mediterráneo antiguo 
250 |a 1a. ed 
300 |a 184 p 
942 |c BK 
945 |d 20180615 12:36:00  |a arojas 
260 |a Sevilla  |b Universidad de Sevilla  |c 2012 
650 7 |a DIOSES GRIEGOS  |2 CL-VaPUC  |9 319074 
650 0 |a Mitología griega   |9 265313 
650 0 |a Religión griega  |9 440084 
650 7 |a RITOS  |2 CL-VaPUC  |9 337654 
650 7 |a MEDITERRANEO  |2 CL-VaPUC  |9 406788 
583 |a last modification  |c 20180615 12:36:00  |k Rodrigo Vera 
490 0 |a Spal Monografías, 16 
999 |c 371484  |d 371482 
952 |0 0  |1 0  |3 erb  |4 0  |6 292_080000000000000_FER_2012  |7 0  |8 A  |9 488490  |a BIBHIS  |b BIBHIS  |i 5474892  |l 4  |o 292.08 FER 2012  |p 5474892  |r 2025-03-28  |s 2025-03-27  |w 2019-11-24  |y BK  |z Catalogado en:20180615  |k HIS